<?xml version="1.0" encoding="UTF-8"?>
<record
    xmlns:xsi="http://www.w3.org/2001/XMLSchema-instance"
    xsi:schemaLocation="http://www.loc.gov/MARC21/slim http://www.loc.gov/standards/marcxml/schema/MARC21slim.xsd"
    xmlns="http://www.loc.gov/MARC21/slim">

  <leader>03419cam a22003734a 4500</leader>
  <controlfield tag="001">13832555</controlfield>
  <controlfield tag="005">20201128020717.0</controlfield>
  <controlfield tag="008">050106s2006    enka     b    001 0 eng  </controlfield>
  <datafield tag="010" ind1=" " ind2=" ">
    <subfield code="a">2005000190</subfield>
  </datafield>
  <datafield tag="016" ind1="7" ind2=" ">
    <subfield code="a">013240076</subfield>
    <subfield code="2">Uk</subfield>
  </datafield>
  <datafield tag="020" ind1=" " ind2=" ">
    <subfield code="a">0521823196</subfield>
  </datafield>
  <datafield tag="020" ind1=" " ind2=" ">
    <subfield code="a">0521530202 (pbk.)</subfield>
  </datafield>
  <datafield tag="020" ind1=" " ind2=" ">
    <subfield code="a">0521823196 (hbk.)</subfield>
  </datafield>
  <datafield tag="020" ind1=" " ind2=" ">
    <subfield code="a">9780521823197 (hbk.)</subfield>
  </datafield>
  <datafield tag="020" ind1=" " ind2=" ">
    <subfield code="a">9780521530200 (pbk.)</subfield>
  </datafield>
  <datafield tag="035" ind1=" " ind2=" ">
    <subfield code="a">(OCoLC)ocm57434163</subfield>
  </datafield>
  <datafield tag="040" ind1=" " ind2=" ">
    <subfield code="a">DLC</subfield>
    <subfield code="c">DLC</subfield>
    <subfield code="d">UKM</subfield>
    <subfield code="d">BAKER</subfield>
    <subfield code="d">BWKUK</subfield>
    <subfield code="d">DLC</subfield>
  </datafield>
  <datafield tag="042" ind1=" " ind2=" ">
    <subfield code="a">pcc</subfield>
  </datafield>
  <datafield tag="050" ind1="0" ind2="0">
    <subfield code="a">BC177</subfield>
    <subfield code="b">.W3235 2006</subfield>
  </datafield>
  <datafield tag="082" ind1="0" ind2="0">
    <subfield code="a">160</subfield>
    <subfield code="2">22</subfield>
    <subfield code="b">WAL</subfield>
  </datafield>
  <datafield tag="100" ind1="1" ind2=" ">
    <subfield code="a">Walton, Douglas N.</subfield>
    <subfield code="9">2893</subfield>
  </datafield>
  <datafield tag="245" ind1="1" ind2="0">
    <subfield code="a">Fundamentals of Critical Argumentation /</subfield>
    <subfield code="c">Douglas Walton.</subfield>
  </datafield>
  <datafield tag="260" ind1=" " ind2=" ">
    <subfield code="a">Cambridge [UK] ;</subfield>
    <subfield code="a">New York :</subfield>
    <subfield code="b">Cambridge University Press,</subfield>
    <subfield code="c">c2006.</subfield>
  </datafield>
  <datafield tag="300" ind1=" " ind2=" ">
    <subfield code="a">xvi, 343 p. :</subfield>
    <subfield code="b">ill. ;</subfield>
    <subfield code="c">24 cm.</subfield>
  </datafield>
  <datafield tag="440" ind1=" " ind2="0">
    <subfield code="a">Critical reasoning and argumentation</subfield>
    <subfield code="9">2894</subfield>
  </datafield>
  <datafield tag="504" ind1=" " ind2=" ">
    <subfield code="a">Includes bibliographical references and index.</subfield>
  </datafield>
  <datafield tag="505" ind1="0" ind2=" ">
    <subfield code="a">Arguments and dialogues -- Dialogues -- Arguments -- Questions and statements -- Arguments in dialogues-- Generalizations -- Chaining of arguments -- Criticizing by questioning or rebuttal -- Criticizing and argument by asking a question -- Disputes and dissents -- Concepts useful for understanding arguments -- Inconsistency -- Three kinds of arguments -- Syllogisms -- Complex propositions -- Some other common forms of deductive argument -- Probability and inductive argument -- Plausible argumentation -- Arguments and explanations -- Argumentation schemes -- Appeal to expert opinion -- Argument from popular opinion -- Argument from analogy -- Argument from correlation to cause -- Argument from consequences and slippery slope -- Argument from sign -- Argument from commitment -- Ad hominem arguments -- Argument from verbal classification -- Argument reconstruction -- Single and linked arguments -- Convergent arguments -- Serial and divergent arguments -- Distinguishing between linked and convergent arguments -- Extended arguments -- Enthymemes -- Cleaning up a text of discourse -- Dialogues -- Persuasion dialogue -- Commitment in dialogue -- Other types of dialogue -- Simple and complex questions -- Loaded questions -- Responding to tricky questions -- Relevance of questions and replies -- Detecting bias -- Loaded terms -- Point of view and burden of proof -- Biased argumentation -- Verbal disputes -- Lexical, stipulative and persuasive definitions -- Philosophical and scientific definitions -- Normal and troublesome bias -- Relevance -- Probative relevance -- Dialectical relevance -- Relevance in meetings and debates -- Relevance in legal argumentation -- Fear appeal arguments -- Threats as arguments -- Appeal to pity -- Shifts and relevance -- Practical reasoning in a dialogical framework -- Practical inferences -- Necessary and sufficient conditions -- Disjunctive reasoning -- Taking consequences into account -- The dilemma -- The closed world assumption -- Lack of knowledge inferences -- Real world situations.</subfield>
  </datafield>
  <datafield tag="650" ind1=" " ind2="0">
    <subfield code="a">Reasoning.</subfield>
    <subfield code="9">2895</subfield>
  </datafield>
  <datafield tag="856" ind1="4" ind2="1">
    <subfield code="3">Table of contents only</subfield>
    <subfield code="u">http://www.loc.gov/catdir/toc/ecip056/2005000190.html</subfield>
  </datafield>
  <datafield tag="856" ind1="4" ind2="2">
    <subfield code="3">Publisher description</subfield>
    <subfield code="u">http://www.loc.gov/catdir/enhancements/fy0632/2005000190-d.html</subfield>
  </datafield>
  <datafield tag="942" ind1=" " ind2=" ">
    <subfield code="2">ddc</subfield>
    <subfield code="c">BB</subfield>
  </datafield>
  <datafield tag="999" ind1=" " ind2=" ">
    <subfield code="c">11133</subfield>
    <subfield code="d">11133</subfield>
  </datafield>
  <datafield tag="952" ind1=" " ind2=" ">
    <subfield code="0">0</subfield>
    <subfield code="1">0</subfield>
    <subfield code="2">ddc</subfield>
    <subfield code="4">0</subfield>
    <subfield code="7">0</subfield>
    <subfield code="8">ILB</subfield>
    <subfield code="a">MAIN</subfield>
    <subfield code="b">MAIN</subfield>
    <subfield code="c">LOW</subfield>
    <subfield code="d">2009-03-30</subfield>
    <subfield code="e">purchase</subfield>
    <subfield code="g">242.00</subfield>
    <subfield code="h">43873</subfield>
    <subfield code="l">2</subfield>
    <subfield code="m">8</subfield>
    <subfield code="o">160 WAL</subfield>
    <subfield code="p">000015735</subfield>
    <subfield code="r">2025-07-15 00:00:00</subfield>
    <subfield code="s">2014-09-21</subfield>
    <subfield code="y">BB</subfield>
  </datafield>
</record>
